Statistics for Largest City by NFL Team

Click here to take the quiz!

General Stats

  • This quiz has been taken 779 times
  • The average score is 25 of 31

Answer Stats

HintAnswer% Correct
BearsChicago
99%
49ersSan Francisco
98%
BillsBuffalo
91%
BroncosDenver
91%
BuccaneersTampa
87%
ChiefsKansas City
86%
DolphinsMiami
84%
GiantsNew York
84%
FalconsAtlanta
83%
TexansHouston
83%
EaglesPhiladelphia
83%
SeahawksSeattle
83%
RedskinsWashington DC
83%
RavensBaltimore
82%
LionsDetroit
82%
ColtsIndianapolis
82%
PatriotsBoston
81%
JaguarsJacksonville
81%
RamsLos Angeles
81%
SaintsNew Orleans
81%
SteelersPittsburgh
81%
CardinalsPhoenix
80%
VikingsMinneapolis
79%
ChargersSan Diego
78%
TitansNashville
76%
RaidersOakland
75%
PanthersCharlotte
71%
PackersMilwaukee
68%
BrownsColumbus
59%
CowboysSan Antonio
54%
BengalsLouisville
42%

Score Distribution

Percentile by Number Answered

Percent of People with Each Score

Your Score History

You have not taken this quiz